Postavení územního systému ekologické stability v zelené infrastruktuře

Definície zelenej infraštruktúry. Územný systém ekologickej stability a jeho ciele. Vzťah územného systému ekologickej stability a zelenej infraštruktúry. Praktické príklady zelenej infraštruktúry.

Enregistré dans:
Détails bibliographiques
Auteur principal: Lacina, Darek
Format: Chapitre de livre
Langue:tchèque
Sujets:
Tags: Ajouter un tag
Pas de tags, Soyez le premier à ajouter un tag!

MARC

LEADER 00000naa a2200000 4500
001 0243641
005 20180528102131.7
041 0 |a cze 
044 |a SK 
245 1 0 |a Postavení územního systému ekologické stability v zelené infrastruktuře  |c Darek Lacina 
520 |a Definície zelenej infraštruktúry. Územný systém ekologickej stability a jeho ciele. Vzťah územného systému ekologickej stability a zelenej infraštruktúry. Praktické príklady zelenej infraštruktúry. 
610 2 0 |a infraštruktúra zelená 
610 2 0 |a ekológia krajiny 
610 2 0 |a ekosystémy 
610 2 0 |a služby 
610 2 0 |a kvalita vody 
610 2 0 |a kvalita ovzdušia 
610 2 0 |a diverzita biologická 
610 2 0 |a ochrana prírody 
100 1 |a Lacina, Darek